All-svenskan Teams Ever - Statistics

General Stats
  • This quiz has been taken 72 times
  • The average score is 22 of 65
Answer Stats
Club % Correct
AIK
96%
Malmö
91%
IFK Göteborg
87%
Hammarby
85%
Häcken
77%
GAIS
72%
Elfsborg
68%
Norrköping
68%
Brommapojkarna
66%
Djurgårdens
66%
Östers
66%
Örebro
64%
Helsingborgs
62%
Kalmar
62%
Örgryte
60%
Halmstads
58%
Mjällby
58%
Sundsvall
55%
Värnamo
55%
Degerfors
53%
Sirius
51%
Västerås
49%
Östersunds
42%
Trelleborgs
42%
Varbergs
38%
Falkenbergs
36%
Umeå
36%
Brage
34%
Syrianska
34%
Gefle
32%
Landskrona
32%
Assyriska
30%
Luleå
28%
Åtvidabergs
25%
Dalkurd
21%
IFK Malmö
21%
Sleipner
21%
AFC Eskilstuna
19%
Ljungskile
19%
Oddevold
19%
Västra Frölunda
19%
Jönköpings Södra
17%
IFK Eskilstuna
11%
Råå
11%
Derby
9%
Halmia
9%
Norrby
9%
Billingsfors
8%
Enköpings
8%
Motala
8%
Reymersholms
8%
Brynäs
6%
Eskilstuna City
6%
Gårda
6%
Saab
6%
Sandvikens IF
6%
Stattena
6%
Westermalms
6%
Holmsund
4%
Uddevalla
4%
Hallstahammars
0%
Högadals
0%
Ludvika
0%
Redbergslids
0%
Sandvikens AIK
0%
No matching quizzes found
Score Distribution
Percent of People with Each Score
Percentile by Number Answered
Your Score History
You have not taken this quiz